| 000 | 00698nam1a22002171i 4500 | ||
|---|---|---|---|
| 001 | rc\4099794 | ||
| 005 | 20240726053046.0 | ||
| 035 | _a(NLR Aleph) 008137924 | ||
| 090 |
_a9465554 _c9465554 |
||
| 100 | _a20130415d1951 |||y0rusy50 ca | ||
| 101 | 0 | _arus | |
| 102 | _aRU | ||
| 105 | _a z ||||| | ||
| 200 | 1 |
_aГлавный Туркменский канал _e(Сборник статей) _eВып. 1- |
|
| 210 |
_aАшхабад _cТуркменгиз _d1951 |
||
| 215 | _d21 | ||
| 607 |
_aТуркменский канал Амударья - Красноводск _jСборники _2psbo |
||
| 801 | 0 |
_aRU _bNLR _gpsbo |
|
| 801 | 1 |
_aRU _bELAR _2rusmarc |
|
| 852 |
_aNLR _jЭк60 Г-3/110 |
||
| 942 | _cBOOK | ||